| 000 | 00893nas a2200289 4500 | ||
|---|---|---|---|
| 001 | BR0705142 | ||
| 003 | BR-BrBNA | ||
| 005 | 20231205111207.0 | ||
| 007 | ta | ||
| 008 | 230509b bl.|||p| |||| 00| 00por d | ||
| 040 |
_aBR-BrBNA _bpor _cBiblioteca Nacional de Agricultura |
||
| 041 | _a(Pt) | ||
| 072 | _aF30 | ||
| 100 | 1 | _aTombolato, A.F.C. | |
| 100 | 1 | _aMathes, L.A.F. | |
| 100 | 1 | _aUzzo, R.P. | |
| 100 | 1 | _aCastro, A.C. | |
| 245 | 1 | _aRecursos genéticos e melhoramento do antúrio (Anthurium andraeanum Linden)no IAC-APTA | |
| 650 | _aMELHORAMENTO GENÉTICO VEGETAL | ||
| 650 | _aPLANTA ORNAMENTAL | ||
| 650 | _aRECURSO GENÉTICO | ||
| 650 | _aANTÚRIO | ||
| 650 | _aVARIEDADE | ||
| 773 | 0 |
_tRevista Brasileira de Horticultura Ornamental (Brazil) _xISSN 1414-039X _g(2004), v. 10(1-2) p. 1-5 _wBR0705142 |
|
| 909 |
_a202311 _bLúcia _c55 _dLúcia Elande |
||
| 942 |
_2AGRIS _n0 _cANA |
||
| 999 |
_c191257 _d191257 |
||